|
|
|
|
| LEADER |
00000nam a2200000 a 4500 |
| 001 |
vtls010519874 |
| 003 |
SK-MaSNL |
| 005 |
20260301133245.0 |
| 007 |
co bg auuua |
| 008 |
240314s2013 xo | fs 000 0 slo |
| 015 |
|
|
|a SNBS2014
|
| 020 |
|
|
|a 9788055314044
|q (elektronická kniha)
|
| 040 |
|
|
|a SNK
|b slo
|c SNK
|e AACR2
|
| 041 |
0 |
|
|a slo
|a eng
|
| 044 |
|
|
|a xo
|c SK
|
| 072 |
|
7 |
|a 621.39
|x Oznamovacia technika
|2 konspekt
|
| 080 |
|
|
|a 621.39
|2 2001
|
| 080 |
|
|
|a 004.932
|2 2001
|
| 080 |
|
|
|a 519.723
|2 2001
|
| 080 |
|
|
|a (048.8)
|2 2001
|
| 080 |
|
|
|a (0.034.44)
|2 2001
|
| 100 |
1 |
|
|a Mihalík, Ján,
|d 1952-
|4 aut
|9 197531
|
| 245 |
1 |
0 |
|a Metódy a algoritmy optimalizácie vektorových kvantizátorov
|h elektronický zdroj
|c Ján Mihalík
|
| 250 |
|
|
|a 1. vyd.
|
| 260 |
|
|
|a Košice
|b Technická univerzita, Fakulta elektrotechniky a informatiky
|c 2013
|
| 300 |
|
|
|a 1 elektronický optický disk (CD-ROM)
|c 12 cm
|
| 500 |
|
|
|a Názov z titulnej obrazovky
|
| 504 |
|
|
|a Bibliogr. odkazy
|
| 516 |
|
|
|a Textový dokument (monografia), súbor vo formáte pdf
|
| 538 |
|
|
|a Technické požiadavky: PDF prehliadač
|
| 546 |
|
|
|a Text čiast. aj angl.
|
| 650 |
0 |
7 |
|a kódovanie
|2 SNKPH
|9 1882
|
| 650 |
0 |
7 |
|a vektorové kvantovanie
|2 SNKPH
|9 81374
|
| 650 |
0 |
7 |
|a Coding
|2 SNKPHeng
|9 322300
|
| 650 |
0 |
7 |
|a Vector quantization
|2 SNKPHeng
|9 485349
|
| 655 |
|
7 |
|a elektronické zdroje
|2 SNKPH
|9 90954
|
| 655 |
|
7 |
|a CD-ROM
|2 SNKPH
|9 70236
|
| 655 |
|
7 |
|a monografie
|2 SNKPH
|9 70139
|
| 655 |
|
7 |
|a Electronic resources
|2 SNKPHeng
|9 175546
|
| 655 |
|
7 |
|a Monographs
|2 SNKPHeng
|9 120675
|
| 919 |
|
|
|a 978-80-553-1404-4
|
| 958 |
|
|
|a NB
|
| 999 |
|
|
|c 753261
|d 755191
|
| 952 |
|
|
|a SNK
|b SNK
|y PREZ
|7 0
|p 17A1069378
|o snkSCDM 5829
|i snk2013/13747
|8 0
|0 0
|1 0
|4 0
|d 2013-06-14
|l 0
|r 2026-02-23 23:39:18
|w 2026-02-23
|